उच्च-स्तरीय लागत लेखांकन / (Record no. 14831)
[ view plain ]
| 000 -LEADER | |
|---|---|
| fixed length control field | 01381nam a22002777a 4500 |
| 005 - DATE AND TIME OF LATEST TRANSACTION | |
| control field | 20080813140226.0 |
| 008 - FIXED-LENGTH DATA ELEMENTS--GENERAL INFORMATION | |
| fixed length control field | 080813t xxu||||| |||| 00| 0 hin d |
| 010 ## - LIBRARY OF CONGRESS CONTROL NUMBER | |
| LC control number | HIN-83918 |
| 020 ## - INTERNATIONAL STANDARD BOOK NUMBER | |
| International Standard Book Number | 8189314394 |
| Terms of availability | 280.00 |
| 020 ## - INTERNATIONAL STANDARD BOOK NUMBER | |
| International Standard Book Number | 9788189314392 |
| Terms of availability | 280.00 |
| 035 ## - SYSTEM CONTROL NUMBER | |
| System control number | HN-56264 |
| 037 ## - SOURCE OF ACQUISITION | |
| Source of stock number/acquisition | DBAD / PUB |
| 040 ## - CATALOGING SOURCE | |
| Original cataloging agency | DPL |
| Language of cataloging | HN |
| 082 ## - DEWEY DECIMAL CLASSIFICATION NUMBER | |
| Classification number | 657.42 |
| 245 ## - TITLE STATEMENT | |
| Title | उच्च-स्तरीय लागत लेखांकन / |
| Statement of responsibility, etc | डी.सी.जैन...[इत्यादि़] |
| 246 ## - VARYING FORM OF TITLE | |
| Title proper/short title | Uchch-satariya lagat lekhankan |
| Remainder of title | by D.C.Jai...[etal] |
| 260 ## - PUBLICATION, DISTRIBUTION, ETC. (IMPRINT) | |
| Place of publication, distribution, etc | जयपुर |
| Name of publisher, distributor, etc | अजमेरा बुक कम्पनी |
| Date of publication, distribution, etc | 2006 |
| 270 ## - ADDRESS | |
| Address | Tripolia Bazar, |
| City | Jaipur |
| Postal code | 302002 |
| 300 ## - PHYSICAL DESCRIPTION | |
| Extent | वि.पृ. |
| Dimensions | 22सेमी(सजिल्द) |
| 500 ## - GENERAL NOTE | |
| General note | विभिन्न विश्वविधालयों की एम.काम., बी.कॉम.(आनर्स) एवं एम.बी.ए.के विधायर्थियों के लिए |
| 650 ## - SUBJECT ADDED ENTRY--TOPICAL TERM | |
| Topical term or geographic name as entry element | लागत लेखांकन |
| 650 ## - SUBJECT ADDED ENTRY--TOPICAL TERM | |
| Topical term or geographic name as entry element | Cost Accounting |
| 700 ## - ADDED ENTRY--PERSONAL NAME | |
| Personal name | जैन, डी. सी. |
| 942 ## - ADDED ENTRY ELEMENTS (KOHA) | |
| Source of classification or shelving scheme | Dewey Decimal Classification |
| Koha item type | Hindi Books |
| Classification part | 657.42 |
| Call number suffix | उच्चस्त |
| Withdrawn status | Lost status | Damaged status | Not for loan | Collection code | Home library | Current library | Date acquired | Source of acquisition | Cost, normal purchase price | Total Checkouts | Full call number | Barcode | Date last seen | Copy number | Cost, replacement price | Price effective from | Koha item type |
|---|---|---|---|---|---|---|---|---|---|---|---|---|---|---|---|---|---|
| Not For Loan | Non-fiction | D.B.Act.Division | D.B.Act.Division | 13/08/2008 | DBAD / PUB | 280.00 | 657.42 उच्चस्त | HN-56264 | 15/09/2008 | 1 | 280.00 | 15/09/2008 | Hindi Books |
